000 00616cam a2200181 a 4500
001 000010514
005 20200929162237.0
008 920102s1983 nq a 000 0bspa
035 _a(DLC) 92100311
040 _aDO-SdBNP
_bspa
_cDLC
_dDLC
_dBNPHU
082 _aF676c
245 0 0 _aCarlos Fonseca, tayacán vencedor de la muerte :
_bbiografía de Carlos Fonseca.
260 _aNicaragua :
_bDepartamento de Propaganda y Educación Política del FSLN,
_c[1983].
300 _a35 p. :
_bil. ;
_c21 cm.
610 1 0 _aCarlos Fonseca Amador,
_d1936-1976.
_925519
910 _aCatalogación por copia / LC
049 _aBNGR
999 _c10273
_d10273